| 000 | 00574nam a2200181Ia 4500 | ||
|---|---|---|---|
| 003 | GCL | ||
| 008 | 140319s9999 xx 000 0 ara d | ||
| 040 |
_aGCL / _cGCL |
||
| 082 | 0 | 4 |
_a921 _bع ف |
| 100 | 1 | _aعبدالامير الاعسم | |
| 245 | 1 | 0 |
_aالفيلسوف الغزالى اعادة تقويم لمنحنى تطورة الروحى / _cعبدالامير الاعسم |
| 300 |
_a238 ص ؛ _c22 سم |
||
| 490 | _a | ||
| 650 | 0 | 4 | _aالفلسفة الاسلامية |
| 650 | 0 | 4 | _aالغزالى |
| 650 | 0 | 4 | _aالفلاسفة - تراجم |
| 942 |
_2ddc _cBK |
||
| 999 |
_c44705 _d44705 |
||